000 00728nam a2200241 a 4500
001 BRCA_5286
005 20190320205021.0
008 011210s1905----enka######---#000-0#eng-#
041 _aeng
044 _aenk
050 4 _aPZ3
_b.D53H 1905
100 1 _aDickens, Charles
_d1812 - 1870
_913549
245 1 0 _aHard Times
_cby Charles Dickens.
260 _aLondres
_bThomas Nelson and Sons
_c1905
300 _a1 v. en varias paginaciones
_bil., 1 lámina
_c16 cm.
440 0 _aNew Century Library
_pThe works of Charles Dickens
_vXI
_913550
500 _aEdición con cabeza dorada
500 _aM3
505 0 _aConenido: Christmas Books
650 1 4 _aLiteratura inglesa
_ySiglo XX
_913551
902 _aGFM
942 _2lcc
_cB
999 _c4980
_d4980